| 000 | 00486nam a2200181Ia 4500 | ||
|---|---|---|---|
| 008 | 240925s9999 xx 000 0 und d | ||
| 020 | _a8120323718 | ||
| 082 | _a005.133 DEI | ||
| 100 | _aDeitel , H.M | ||
| 245 | 0 | _aJava: how to program | |
| 250 | _a5th | ||
| 260 |
_aNew Delhi: _bPrentice Hall _c,2003. |
||
| 300 |
_axxviii,932p. _bNA _fOriginal |
||
| 500 | _aIncludes Index | ||
| 600 | _aComputer Science | ||
| 650 | _aComputer science, information & general works | ||
| 942 | _cBK | ||
| 999 |
_c8042 _d8042 |
||